00326nam a22000977a 4500008004100000050001900041100001700060245004900077260007600126300002600202170128b xxu||||| |||| 00| 0 eng d aNC890 .F7 1951 aFreer,Howard aYou can paint with a pencil./ cHoward Freer aNew York :bStudio Publications, in associations with Crowell ,c[1951] a96p. :bill. ;c21cm.